| 000 | 00529nam a22001817a 4500 | ||
|---|---|---|---|
| 003 | KOHA_MİRAKIL | ||
| 005 | 20251218102941.0 | ||
| 008 | 251218b tu ||||| |||| 00| 0 tur d | ||
| 020 | _a9786054996056 | ||
| 040 |
_aTR-AnABB _btur _cTR-AnABB |
||
| 041 | _atur | ||
| 082 |
_a726.209561015 _bBEY 2013 |
||
| 245 | 1 | 0 | _aBeylik ve Osmanlı dönemi Kahramanmaraş dini yapıları / |
| 260 |
_aKahramanmaraş : _bKahramanmaraş Belediyesi, _c2013 |
||
| 300 |
_a480 sayfa ; _c23 cm |
||
| 650 | 0 | 4 | _aDini yapılar |
| 942 |
_2ddc _cBK |
||
| 999 |
_c9759 _d9759 |
||
| 900 | _bGizem YORULMAZ | ||